| 000 | 00397nam a2200121 4500 | ||
|---|---|---|---|
| 999 |
_c12341 _d12341 |
||
| 008 | 190123b ||||| |||| 00| 0 eng d | ||
| 100 |
_934850 _aLee-Brago, Pia |
||
| 245 |
_a'Facebook ;privacy concerns expose countries' unreadiness for digital economy'/ _cPia Lee-Brago |
||
| 260 |
_aPhilippines _bThe Philippine Star _cc2018 |
||
| 300 | _apage 7. | ||
| 650 | 0 |
_934854 _aTechnology. |
|
| 942 |
_2ddc _cPER |
||